Salmon gill fish netting of manmade fibers from Japan

محفوظ في:
التفاصيل البيبلوغرافية
التنسيق: كتاب
اللغة:Undetermined
منشور في: Washington United States International Trade Commission 1982
الموضوعات:
الوسوم: إضافة وسم
لا توجد وسوم, كن أول من يضع وسما على هذه التسجيلة!
Thư viện lưu trữ: Trung tâm Học liệu Trường Đại học Cần Thơ
LEADER 00548nam a2200181Ia 4500
001 CTU_96693
008 210402s9999 xx 000 0 und d
082 |a 677.028 
082 |b S172 
245 0 |a Salmon gill fish netting of manmade fibers from Japan 
245 0 |c United States International Trade Commission 
260 |a Washington 
260 |b United States International Trade Commission 
260 |c 1982 
650 |a Fibers 
650 |x Textile materials 
904 |i Giang 
980 |a Trung tâm Học liệu Trường Đại học Cần Thơ